000 00263nam a2200109Ia 4500
008 190216s9999||||xx |||||||||||||| ||und||
100 _aChaco I C
245 0 _aMalayalam-Panineeya Prayogam
260 _bVallathole Vidhyapedam
650 _aMalayalam
942 _cBK
999 _c24055
_d24055